Subsidence damage to domestic buildings : lessons learned and questions remaining. (Record no. 100867)

MARC details
000 -LEADER
fixed length control field 01299cam a2200313 4500
001 - CONTROL NUMBER
control field
008 - FIXED-LENGTH DATA ELEMENTS--GENERAL INFORMATION
fixed length control field 000000n2000 000 0 eng u
020 ## - INTERNATIONAL STANDARD BOOK NUMBER
International Standard Book Number 1860814336
035 ## - SYSTEM CONTROL NUMBER
System control number (Sirsi) u108873
050 ## - LIBRARY OF CONGRESS CALL NUMBER
Classification number 624.15
100 ## - MAIN ENTRY--PERSONAL NAME
Personal name Driscoll, R.M.C.
110 ## - MAIN ENTRY--CORPORATE NAME
Corporate name or jurisdiction name as entry element Building Research Establishment
245 ## - TITLE STATEMENT
Title Subsidence damage to domestic buildings : lessons learned and questions remaining.
260 ## - PUBLICATION, DISTRIBUTION, ETC.
Place of publication, distribution, etc. London
Name of publisher, distributor, etc. CRC Ltd
Date of publication, distribution, etc. 2000
300 ## - PHYSICAL DESCRIPTION
Extent v, 25p. ; 30cm.
350 ## - PRICE (NR) (BK AM CF MU VM SE) [OBSOLETE]
Price 40.00
490 ## - SERIES STATEMENT
Series statement FBE Report
Volume/sequential designation 1
520 ## - SUMMARY, ETC.
Summary, etc. This report reviews current information on the many components of the problem of subsidence damage. It's focus is to point the way to the best advice on dealing with a case and to indicate best practice in the design of new buildings where subsidence could be a problem. The report examines elements that affect a typical subsidence or heave case and then considers how matters might be improved
650 ## - SUBJECT ADDED ENTRY--TOPICAL TERM
Topical term or geographic name entry element SUBSIDENCE
650 ## - SUBJECT ADDED ENTRY--TOPICAL TERM
Topical term or geographic name entry element INSURANCE CLAIMS
650 ## - SUBJECT ADDED ENTRY--TOPICAL TERM
Topical term or geographic name entry element CRACKING
650 ## - SUBJECT ADDED ENTRY--TOPICAL TERM
Topical term or geographic name entry element TREE ROOT DAMAGE
650 ## - SUBJECT ADDED ENTRY--TOPICAL TERM
Topical term or geographic name entry element BUILT ENVIRONMENT-BUILDING ELEMENTS-COMPLETE BUILDING ELEMENTS-FOUNDATIONS
650 ## - SUBJECT ADDED ENTRY--TOPICAL TERM
Topical term or geographic name entry element SOIL
650 ## - SUBJECT ADDED ENTRY--TOPICAL TERM
Topical term or geographic name entry element TREE ROOT SUBSIDENCE
690 ## - LOCAL SUBJECT ADDED ENTRY--TOPICAL TERM (OCLC, RLIN)
Topical term or geographic name as entry element BUILDING AND CONSTRUCTION-DEFECTS AND FAILURES
700 ## - ADDED ENTRY--PERSONAL NAME
Personal name Crilly, M.S.
942 ## - ADDED ENTRY ELEMENTS (KOHA)
Suppress in OPAC 0
Holdings
Withdrawn status Lost status Source of classification or shelving scheme Damaged status Not for loan Home library Current library Shelving location Date acquired Cost, normal purchase price Total Checkouts Full call number Barcode Date last seen Date last checked out Copy number Cost, replacement price Price effective from Koha item type
    Dewey Decimal Classification     London London Folio 28/11/2000 24.00 7 F624.15 DRI 30062885 06/08/2019 03/05/2006 2 24.00 06/08/2019 Book